Синтез и анализ нанопорошков на основе алюмомагниевой шпинели; Научная инициатива иностранных студентов и аспирантов

Bibliographische Detailangaben
Parent link:Научная инициатива иностранных студентов и аспирантов.— 2025.— С. 248-251
1. Verfasser: Чэнь Сяпин
Weitere Verfasser: Илела А. Э. Алфа Эдисон (научный руководитель)
Zusammenfassung:Работа посвящена исследованию нанопорошков на основе алюмомагниевой шпинели (MgAl2O4), полученных методами распылительной сушки, фильтрации и микроволнового синтеза. Результаты показали, что удельная поверхность порошка, полученного методом распылительной сушки, самая высокая (121,92 ± 0,44 м2 /г). Представлены результаты рентгенофазового анализа, согласно которым все порошки характеризуются только фазой алюмомагниевой шпинели после отжига при температуре 900 °C
Текстовый файл
Sprache:Russisch
Veröffentlicht: 2025
Schlagworte:
Online-Zugang:http://earchive.tpu.ru/handle/11683/132114
Format: MixedMaterials Elektronisch Buchkapitel
KOHA link:https://koha.lib.tpu.ru/cgi-bin/koha/opac-detail.pl?biblionumber=681071

MARC

LEADER 00000naa2a2200000 4500
001 681071
005 20250821103313.0
090 |a 681071 
100 |a 20250729d2025 k||y0rusy50 ca 
101 0 |a rus 
102 |a RU 
135 |a drcn ---uucaa 
200 1 |a Синтез и анализ нанопорошков на основе алюмомагниевой шпинели  |f Чэнь Сяпин  |g науч. рук. Илела А. Э. 
320 |a Список литературы: 5 назв 
330 |a Работа посвящена исследованию нанопорошков на основе алюмомагниевой шпинели (MgAl2O4), полученных методами распылительной сушки, фильтрации и микроволнового синтеза. Результаты показали, что удельная поверхность порошка, полученного методом распылительной сушки, самая высокая (121,92 ± 0,44 м2 /г). Представлены результаты рентгенофазового анализа, согласно которым все порошки характеризуются только фазой алюмомагниевой шпинели после отжига при температуре 900 °C 
336 |a Текстовый файл 
463 1 |0 680868  |9 680868  |t Научная инициатива иностранных студентов и аспирантов  |o сборник докладов V Международной научно-практической конференции, Томск, 22-24 апреля 2025 г.  |c Томск  |d 2025  |n Изд-во ТПУ  |u conference_tpu-2025-C19.pdf  |v С. 248-251 
545 1 |a Актуальные проблемы инженерных наук 
610 1 |a электронный ресурс 
610 1 |a труды учёных ТПУ 
610 1 |a нанопорошки 
610 1 |a алюмомагниевая шпинель 
610 1 |a распылительная сушка 
610 1 |a фильтрация 
610 1 |a микроволновый синтез 
700 0 |a Чэнь Сяпин 
702 1 |a Илела  |b А. Э.  |c специалист в области материаловедения  |c ассистент кафедры Томского политехнического университета  |f 1982-  |g Алфа Эдисон  |4 727 
801 0 |a RU  |b 63413507  |c 20250729  |g RCR 
850 |a 63413507 
856 4 |u http://earchive.tpu.ru/handle/11683/132114  |z http://earchive.tpu.ru/handle/11683/132114 
942 |c CF